| 000 | 00760nam a2200229 a 4500 | ||
|---|---|---|---|
| 001 | 000013524 | ||
| 005 | 20240306073903.0 | ||
| 008 | 091125s2008 dr a 000 0 spa d | ||
| 020 | _a9789945112689 | ||
| 040 |
_aDO-SdBNP _bspa _cBNPHU |
||
| 082 |
_a372.632 _bO78 |
||
| 245 | 0 | 0 |
_aOrtografía 4 / _cdirección editorial Obdulia García de Escobar ; editor Manuel García Cartagena. |
| 260 |
_aSanto Domingo : _bSantillana, _c2008. |
||
| 300 |
_a63 p. : _bil. ; _c28 cm. |
||
| 490 | 1 | _aCoral | |
| 650 | 4 |
_aOrtografía _xEnseñanza _99599 |
|
| 650 | 4 |
_aEspañol _xOrtografía _xEnseñanza básica _930857 |
|
| 700 | 1 |
_aGarcía Escobar, Obdulia de _edir. ed. _929220 |
|
| 700 | 1 |
_aGarcía Cartagena, Manuel _eed. _912067 |
|
| 830 | 0 |
_aCoral _930539 |
|
| 049 | _aBNPD | ||
| 999 |
_c13148 _d13148 |
||